Statistics for Eastern Things Quiz

Click here to take the quiz!

General Stats

  • This quiz has been taken 435 times
  • The average score is 9 of 22

Answer Stats

ClueAnswer% Correct
Former Communist country
in Europe
East Germany
89%
Asian countryEast Timor
86%
Region of Israel, Iran, Yemen etc.Middle East
71%
Former name of BangladeshEast Pakistan
69%
Second-largest Christian branchEastern Orthodox
68%
Sea between Taiwan and KoreaEast China Sea
65%
Area east of the Prime MeridianEastern
Hemisphere
55%
Hitler's war with Soviet UnionEastern Front
48%
John Steinbeck novelEast of Eden
47%
Capital of PalestineEast Jerusalem
40%
Term used to refer to the
islands of Southeast Asia
East Indies
31%
What Austria's name meansEastern Realm
27%
City where "The Lives of Others"
take place
East Berlin
23%
Easternmost geographical
region of Turkey
Eastern Anatolia
21%
South African provinceEastern Cape
21%
Historical name of the aboveNear East
21%
Surabaya is its capitalEast Java
20%
Major city in aboveEast London
15%
European TurkeyEast Thrace
14%
Colonial name of TanzaniaGerman East
Africa
12%
Los Angeles neighborhoodEast Hollywood
10%
Region east of SiberiaRussian Far East
4%

Score Distribution

Percentile by Number Answered

Percent of People with Each Score

Your Score History

You have not taken this quiz